Zkoušky tuhých nekovových materiálů. STN 64 0113 : Průlinčitost. Účinnost: 1.7.1961

Salvato in:
Dettagli Bibliografici
Natura: Libro
Lingua:ceco
Pubblicazione: Praha : Úřad pro normalisaci, [1961]
Soggetti:
Tags: Aggiungi Tag
Nessun Tag, puoi essere il primo ad aggiungerne!!

MARC

LEADER 00000nam a22000003a 4500
001 stu79264
005 20150408175458.8
008 030225s1961----cs------------------cze-d
040 |a STU  |b slo 
041 0 |a cze 
044 |a cs 
080 |a 620.1 
245 |a Zkoušky tuhých nekovových materiálů. STN 64 0113 :  |b Průlinčitost. Účinnost: 1.7.1961 
260 |a Praha :  |b Úřad pro normalisaci,  |c [1961] 
300 |a 2 s 
650 7 |a materiály nekovové  |2 stusub 
996 |b 284M039163  |c M*N-501-1  |l MMKN  |s A  |a 24  |w stu79264_0001